Islam and the World / (Record no. 20783)

MARC details
000 -LEADER
fixed length control field 00510nam a22001817a 4500
003 - CONTROL NUMBER IDENTIFIER
control field BDDh-ASL
005 - DATE AND TIME OF LATEST TRANSACTION
control field 20231015025932.0
008 - FIXED-LENGTH DATA ELEMENTS--GENERAL INFORMATION
fixed length control field 210113n pk ||||| |||| 00| 0 eng d
040 ## - CATALOGING SOURCE
Transcribing agency BDDh-ASL
082 ## - DEWEY DECIMAL CLASSIFICATION NUMBER
Classification number 297.5
Item number NAI
100 1# - MAIN ENTRY--PERSONAL NAME
9 (RLIN) 2754
Personal name Nadawi, Abul Hasan Ali
245 00 - TITLE STATEMENT
Title Islam and the World /
260 ## - PUBLICATION, DISTRIBUTION, ETC.
Place of publication, distribution, etc. Lahore:
Name of publisher, distributor, etc. The Academy of Islamic Research & Publications,
300 ## - PHYSICAL DESCRIPTION
Extent 195 p.:
Dimensions 22 cm.
650 #0 - SUBJECT ADDED ENTRY--TOPICAL TERM
9 (RLIN) 1652
Topical term or geographic name entry element Islam
General subdivision Religion
700 1# - ADDED ENTRY--PERSONAL NAME
9 (RLIN) 2755
Personal name Qidwai, Muhammad Asaf
942 ## - ADDED ENTRY ELEMENTS (KOHA)
Source of classification or shelving scheme Dewey Decimal Classification
Koha item type Books
Holdings
Withdrawn status Lost status Source of classification or shelving scheme Damaged status Not for loan Collection code Home library Current library Shelving location Date acquired Source of acquisition Total Checkouts Full call number Barcode Date last seen Copy number Price effective from Koha item type Public note
    Dewey Decimal Classification     Non-fiction Asiatic Society Library Asiatic Society Library General Stacks 01/13/2021 Donated by Prof. Husniara Huq   297.5 NAI 104266 01/13/2021 C-1 01/13/2021 Books  
    Dewey Decimal Classification   Not For Loan Non-fiction Asiatic Society Library Asiatic Society Library General Stacks 01/14/2021 Donated by Prof. Husniara Huq   297.5 NAI 104336 01/14/2021 C-2 01/14/2021 Books RARE

Powered by Koha